<?xml version="1.0" encoding="UTF-8"?>
<record
    xmlns:xsi="http://www.w3.org/2001/XMLSchema-instance"
    xsi:schemaLocation="http://www.loc.gov/MARC21/slim http://www.loc.gov/standards/marcxml/schema/MARC21slim.xsd"
    xmlns="http://www.loc.gov/MARC21/slim">

  <leader>02285nam a22002297a 4500</leader>
  <controlfield tag="005">20260131094338.0</controlfield>
  <controlfield tag="008">220119b           ||||| |||| 00| 0 eng d</controlfield>
  <datafield tag="020" ind1=" " ind2=" ">
    <subfield code="a">9789388754286</subfield>
  </datafield>
  <datafield tag="040" ind1=" " ind2=" ">
    <subfield code="c">AL</subfield>
  </datafield>
  <datafield tag="041" ind1=" " ind2=" ">
    <subfield code="a">eng</subfield>
  </datafield>
  <datafield tag="082" ind1=" " ind2=" ">
    <subfield code="2">23</subfield>
    <subfield code="a">820.33</subfield>
    <subfield code="b">SAWY</subfield>
  </datafield>
  <datafield tag="100" ind1=" " ind2=" ">
    <subfield code="a">Shivaji Sawant</subfield>
    <subfield code="9">253364</subfield>
  </datafield>
  <datafield tag="245" ind1=" " ind2=" ">
    <subfield code="a">Yugandhar</subfield>
  </datafield>
  <datafield tag="260" ind1=" " ind2=" ">
    <subfield code="a">New Delhi:</subfield>
    <subfield code="b">Eka Westland Publications</subfield>
    <subfield code="c">2020</subfield>
  </datafield>
  <datafield tag="300" ind1=" " ind2=" ">
    <subfield code="a">vi,577 p.</subfield>
    <subfield code="b">PB</subfield>
    <subfield code="c">23x15 cm.</subfield>
  </datafield>
  <datafield tag="365" ind1=" " ind2=" ">
    <subfield code="2">General</subfield>
    <subfield code="a">4529</subfield>
    <subfield code="b">623.22</subfield>
    <subfield code="c">&#x20B9;</subfield>
    <subfield code="d">799.00</subfield>
    <subfield code="e">22%</subfield>
    <subfield code="f">22-12-2021</subfield>
  </datafield>
  <datafield tag="520" ind1=" " ind2=" ">
    <subfield code="a">"Shivaji Sawant&#x2019;s deep insights into the stories of our gods and goddesses, and his intriguing interpretations of these, have always been a source of delight to me. A must read for all those who love reading about Indian history and culture.&#x2019; --Amish, author of the Shiva Trilogy and Ramchandra Series.

Struck by Jara&#x2019;s arrow, Krishna lies prone under a sprawling Kadamba tree. In his last moments, he looks back on his life and begins to speak, not as an incarnation of Vishnu but as a mortal who walked the earth and followed his dharma. As the stories of his childhood in Gokul and his youth in Mathura and Dwaraka unfold, people close to him appear by turns to examine Krishna&#x2019;s life through the prism of their relationship with him. Rukmini tells the tale of their marriage and of her seven co-wives; Daruk, his charioteer, revisits Krishna&#x2019;s travels and the many wars he accompanied him on; Draupadi, his confidante, describes his fondness for the Pandavas and his role in the Mahabharata; Satyaki, his commander-in-chief, marvels at his astute military tactics; his pupil Arjun speaks of lessons from the Gita; and Udhdhay, his cousin, reconstructs the breathtaking grandeur of his persona.

Shivaji Sawant&#x2019;s Krishna is an imperfect, flawed human. He is many people at once-a herdsman, a warrior, a statesman, a lover and a seer. He is complex and hides in him a vastness that no one person can entirely fathom. A consistent bestseller in Marathi since its first publication in 2000, Yugandhar goes beyond the familiar tales from the Mahabharata, and probes his life to understand this most beloved of gods.</subfield>
  </datafield>
  <datafield tag="650" ind1=" " ind2=" ">
    <subfield code="a">Indian English Fiction</subfield>
    <subfield code="9">13723</subfield>
  </datafield>
  <datafield tag="650" ind1=" " ind2=" ">
    <subfield code="a">Indian English Literature</subfield>
    <subfield code="9">13724</subfield>
  </datafield>
  <datafield tag="700" ind1=" " ind2=" ">
    <subfield code="a">Dharap Kadambini Tr</subfield>
    <subfield code="9">13726</subfield>
  </datafield>
  <datafield tag="942" ind1=" " ind2=" ">
    <subfield code="2">ddc</subfield>
    <subfield code="c">BK</subfield>
  </datafield>
  <datafield tag="999" ind1=" " ind2=" ">
    <subfield code="c">221252</subfield>
    <subfield code="d">221252</subfield>
  </datafield>
  <datafield tag="952" ind1=" " ind2=" ">
    <subfield code="0">0</subfield>
    <subfield code="1">0</subfield>
    <subfield code="2">ddc</subfield>
    <subfield code="4">0</subfield>
    <subfield code="7">0</subfield>
    <subfield code="8">GEN</subfield>
    <subfield code="a">AL</subfield>
    <subfield code="b">AL</subfield>
    <subfield code="d">2021-12-30</subfield>
    <subfield code="e">Biblios Book Point, Surathkal-575014</subfield>
    <subfield code="g">623.22</subfield>
    <subfield code="l">0</subfield>
    <subfield code="o">820.33 SAWY</subfield>
    <subfield code="p">075238</subfield>
    <subfield code="r">2022-01-19 00:00:00</subfield>
    <subfield code="v">799.00</subfield>
    <subfield code="w">2022-01-19</subfield>
    <subfield code="y">BK</subfield>
  </datafield>
</record>
